[Event "EuTCh"]
[Site "Leon ESP"]
[Date "2001.11.07"]
[Round "2"]
[White "Stamenkov,V"]
[Black "Meijers,V"]
[Result "0-1"]
[WhiteElo "2378"]
[BlackElo "2465"]
[EventDate "2001.11.06"]

1. Nf3 Nf6 2. g3 b6 3. Bg2 Bb7 4. O-O e6 5. c4 Be7 6. d4 O-O 7. Re1 a6 8.
Nc3 d5 9. cxd5 Nxd5 10. e4 Nxc3 11. bxc3 c5 12. Rb1 cxd4 13. cxd4 Nc6 14.
Be3 b5 15. a4 Na5 16. Ne5 f6 17. Nd3 Bc6 18. Nf4 Bd7 19. e5 Rb8 20. Bh3 f5
21. d5 Nc4 22. axb5 axb5 23. d6 Bg5 24. Qd4 Nxe3 25. Rxe3 Qb6 26. Qxb6 Rxb6
27. Rc3 Bxf4 28. gxf4 b4 29. Rc7 Rd8 30. Bf1 Kf8 31. Bc4 Ke8 32. Rb3 Rc8
33. Rxc8+ Bxc8 34. Rh3 h6 35. Rg3 Kf7 36. h4 Bd7 37. Kf1 Rc6 38. Bb3 Rc1+
39. Ke2 Rh1 40. Ke3 Re1+ 41. Kd4 Re4+ 42. Kc5 Rxf4 43. Kb6 Rxh4 44. Kc7 Bb5
45. Kb6 Bd7 46. Kc7 Bb5 47. Kb6 Be8 48. Rd3 Bd7 49. Kc7 Ke8 50. f3 Rf4 51.
Bd1 h5 52. Rd2 Rc4+ 53. Kb6 h4 54. f4 h3 55. Rh2 b3 56. Rxh3 b2 57. Rb3
Rxf4 58. Rxb2 Rf1 59. Rb1 Kd8 60. Ra1 Bc8 61. Rc1 Bd7 0-1

[Event "EuTCh"]
[Site "Leon ESP"]
[Date "2001.11.07"]
[Round "2"]
[White "Arizmendi Martinez,J"]
[Black "Danner,G"]
[Result "1/2-1/2"]
[WhiteElo "2503"]
[BlackElo "2416"]
[EventDate "2001.11.06"]

1. e4 c5 2. Nf3 d6 3. d4 cxd4 4. Qxd4 a6 5. Be3 Nc6 6. Qb6 Qxb6 7. Bxb6 Nf6
8. Nc3 Bg4 9. Be2 Rc8 10. O-O-O g6 11. Be3 Bg7 12. h3 Bxf3 13. Bxf3 Ne5
1/2-1/2

[Event "EuTCh"]
[Site "Leon ESP"]
[Date "2001.11.07"]
[Round "2"]
[White "Baumegger,S"]
[Black "Del Rio Angelis,S"]
[Result "0-1"]
[WhiteElo "2395"]
[BlackElo "2489"]
[EventDate "2001.11.06"]

1. d4 e6 2. Nf3 Nf6 3. g3 b5 4. Bg2 Bb7 5. O-O c5 6. c3 Nc6 7. Bg5 cxd4 8.
cxd4 Be7 9. Nbd2 O-O 10. e4 d6 11. Qe2 a6 12. Rfd1 Nd7 13. Be3 Rc8 14. Rdc1
Nb6 15. Ne1 Nb8 16. b3 N8d7 17. Qd1 Rxc1 18. Rxc1 Qa8 19. f3 Bd8 20. Nd3
Nc8 21. Nf2 Bb6 22. Nf1 Qa7 23. Qd2 Ne7 24. a4 bxa4 25. bxa4 a5 26. Nd1 Nc6
27. d5 exd5 28. exd5 Nb4 29. Bxb6 Qxb6+ 30. Qe3 Nxd5 31. Qxb6 N5xb6 32. Rc7
Nc5 33. Nc3 Rc8 34. Re7 Kf8 35. Re1 0-1

[Event "EuTCh"]
[Site "Leon ESP"]
[Date "2001.11.07"]
[Round "2"]
[White "Herraiz Lopez,H"]
[Black "Neubauer,M"]
[Result "1/2-1/2"]
[WhiteElo "2435"]
[BlackElo "2434"]
[EventDate "2001.11.06"]

1. Nf3 Nf6 2. c4 g6 3. Nc3 Bg7 4. e4 c5 5. d4 cxd4 6. Nxd4 d6 7. Be2 Nc6 8.
Be3 O-O 9. O-O Bd7 10. Rc1 Nxd4 11. Bxd4 Bc6 12. Qd3 a5 13. f4 Nd7 14. Bxg7
Kxg7 15. Qd4+ Kg8 16. Rfd1 Qb6 17. Qxb6 Nxb6 18. a3 Rfc8 19. Bg4 e6 20. f5
exf5 21. exf5 1/2-1/2

[Event "EuTCh"]
[Site "Leon ESP"]
[Date "2001.11.07"]
[Round "2"]
[White "Dervishi,E"]
[Black "Salmensuu,O"]
[Result "1-0"]
[WhiteElo "2501"]
[BlackElo "2436"]
[EventDate "2001.11.06"]

1. e4 Nc6 2. Nf3 f5 3. exf5 d5 4. d4 Bxf5 5. Bd3 Bg4 6. h3 Bxf3 7. Qxf3 Nf6
8. c3 e5 9. dxe5 Nxe5 10. Qe2 Qe7 11. Bc2 O-O-O 12. O-O Re8 13. Bf4 Nc4 14.
Qxe7 Bxe7 15. b3 Bd6 16. Bg5 Nb6 17. Nd2 Nh5 18. Rae1 Bf4 19. Nf3 g6 20. g3
Bxg5 21. Nxg5 Nf6 22. f4 Nbd7 23. Kg2 Nc5 24. f5 Nfe4 25. Nxe4 dxe4 26.
fxg6 hxg6 27. h4 a5 28. Re3 Rd8 29. b4 axb4 30. cxb4 Na6 31. Bxe4 Nxb4 32.
Bxg6 Nxa2 33. Rb3 Rd4 34. Ra3 Rd2+ 35. Rf2 Rxf2+ 36. Kxf2 Rf8+ 37. Kg2 Rf6
38. h5 Nb4 39. Rf3 Rd6 40. Rf8+ Kd7 41. Rf7+ Kd8 42. Rg7 Rd2+ 43. Kh3 Rd1
44. Kg4 Nd5 45. h6 Rh1 46. Kg5 1-0

[Event "EuTCh"]
[Site "Leon ESP"]
[Date "2001.11.07"]
[Round "2"]
[White "Kallio,H"]
[Black "Seitaj,I"]
[Result "1-0"]
[WhiteElo "2517"]
[BlackElo "2386"]
[EventDate "2001.11.06"]

1. d4 d5 2. Nf3 e6 3. e3 c5 4. b3 Nc6 5. Ba3 b6 6. Bb5 Bd7 7. O-O Nf6 8.
Bb2 Bd6 9. a4 O-O 10. Ne5 Qc7 11. Nxd7 Nxd7 12. h3 cxd4 13. exd4 Nf6 14.
Nd2 a6 15. Be2 Rfc8 16. c4 Nb4 17. Nf3 Ne4 18. Re1 Bf4 19. Bf1 Rd8 20. Qb1
Rac8 21. Rxe4 dxe4 22. Qxe4 Re8 23. Rd1 Rcd8 24. g3 Bd6 25. Ng5 f5 26. Qe2
Qe7 27. Nf3 Qc7 28. Bg2 h6 29. Kh1 Qd7 30. Ne5 Bxe5 31. Qxe5 Qd6 32. f4 Nc6
33. Qe3 Kh8 34. Bf3 Nb4 35. Kh2 b5 36. axb5 axb5 37. Qc3 Qf8 38. Ra1 bxc4
39. bxc4 Rb8 40. Ba3 Rec8 41. h4 Kh7 42. Kh3 Kh8 43. h5 Kh7 44. Re1 Na2 45.
Qd3 Qf6 46. Bd6 Rb6 47. Be5 Qd8 48. Qa3 Nb4 49. Qa7 1-0

[Event "EuTCh"]
[Site "Leon ESP"]
[Date "2001.11.07"]
[Round "2"]
[White "Kotronias,V"]
[Black "Godena,M"]
[Result "0-1"]
[WhiteElo "2548"]
[BlackElo "2496"]
[EventDate "2001.11.06"]

1. e4 e6 2. d4 d5 3. Nd2 dxe4 4. Nxe4 Nd7 5. Nf3 Ngf6 6. Nxf6+ Nxf6 7. Bg5
c5 8. Bb5+ Bd7 9. Bxd7+ Qxd7 10. Qe2 cxd4 11. O-O-O Bc5 12. Nxd4 O-O-O 13.
Nb3 Bd6 14. Qe3 Qa4 15. Kb1 Bc7 16. Bxf6 gxf6 17. g3 f5 18. a3 h5 19. Rhe1
a6 20. Qc3 h4 21. Qg7 hxg3 22. hxg3 Rdf8 23. Rd3 Rhg8 24. Qf6 Rg6 25. Qe7
Qe8 26. Qb4 Rg4 27. f4 Rfg8 28. Ree3 Qb5 29. Qd4 Rd8 30. Qa7 Rxd3 31. Rxd3
Rg8 32. Nc5 Bb8 33. Qa8 Qxc5 34. Rc3 Qxc3 35. bxc3 Rxg3 36. Kb2 Rg4 37. c4
Kc7 38. Kc3 Rg8 39. Kb4 Rd8 40. c5 f6 41. a4 Kc6 42. c4 e5 0-1

[Event "EuTCh"]
[Site "Leon ESP"]
[Date "2001.11.07"]
[Round "2"]
[White "Borgo,G"]
[Black "Clerides,P"]
[Result "1-0"]
[WhiteElo "2424"]
[BlackElo "2188"]
[EventDate "2001.11.06"]

1. c4 Nf6 2. g3 g6 3. b3 Bg7 4. Bb2 O-O 5. Bg2 d6 6. d4 Nbd7 7. Nf3 c5 8.
Nc3 Rb8 9. O-O a6 10. a4 b6 11. Qd2 Bb7 12. d5 Re8 13. e4 Qc7 14. Rad1 Rbd8
15. Ne1 Bc8 16. f4 Nf8 17. h3 Nh5 18. Kh2 f5 19. Nf3 h6 20. e5 dxe5 21.
Nxe5 g5 22. d6 Rxd6 23. Nd5 Red8 24. Qe2 Nxg3 25. Kxg3 gxf4+ 26. Nxf4 Ng6
27. Rxd6 Rxd6 28. Nfxg6 Rxg6+ 29. Kf2 Rd6 30. Rd1 Bb7 31. Bxb7 Qxb7 32.
Rxd6 exd6 33. Nf3 Bxb2 34. Qxb2 Qe7 35. Qd2 Qf6 36. Kg3 Kh7 37. Kf4 Kg6 38.
Qd5 h5 39. Qg8+ 1-0

[Event "EuTCh"]
[Site "Leon ESP"]
[Date "2001.11.07"]
[Round "2"]
[White "Antoniou,A"]
[Black "D'Amore,C"]
[Result "1/2-1/2"]
[WhiteElo "2231"]
[BlackElo "2456"]
[EventDate "2001.11.06"]

1. e4 g6 2. d4 Bg7 3. Nf3 d6 4. Nc3 a6 5. a4 Bg4 6. Bc4 e6 7. Be3 Nc6 8.
Be2 e5 9. dxe5 dxe5 10. Qxd8+ Rxd8 11. Nd5 Rd7 12. O-O-O Bxf3 13. Bxf3 h5
14. Be2 Nge7 15. Bc4 Nxd5 16. Bxd5 Nd8 17. Bc4 Bh6 18. Bxh6 Rxh6 19. Rxd7
Kxd7 20. Rd1+ Ke7 21. Rd5 f6 22. Rc5 c6 23. Ba2 Rh8 24. Rc3 Ne6 25. Bxe6
Kxe6 26. Rg3 Rg8 27. Kd2 Rd8+ 28. Rd3 Rxd3+ 29. Kxd3 b5 1/2-1/2

[Event "EuTCh"]
[Site "Leon ESP"]
[Date "2001.11.07"]
[Round "2"]
[White "Belotti,B"]
[Black "Georghiou,A"]
[Result "1-0"]
[WhiteElo "2403"]
[BlackElo "2155"]
[EventDate "2001.11.06"]

1. Nf3 Nf6 2. g3 g6 3. Bg2 Bg7 4. O-O O-O 5. c4 c5 6. Nc3 Nc6 7. d4 cxd4 8.
Nxd4 Ng4 9. e3 Nge5 10. b3 d6 11. Nde2 Rb8 12. h3 a6 13. Bb2 Bf5 14. e4 Bc8
15. Kh2 b5 16. cxb5 axb5 17. f4 b4 18. Na4 Nd7 19. Bxg7 Kxg7 20. e5 Ncxe5
21. fxe5 Nxe5 22. Qd4 Ba6 23. Rf2 Kg8 24. Nf4 g5 25. Nd5 Nd3 26. Rd2 e5 27.
Qe3 f5 28. Rxd3 f4 29. Qe4 Bxd3 30. Qxd3 fxg3+ 31. Qxg3 Kg7 32. Rc1 Rb7 33.
Rc2 Rbf7 34. Nab6 h6 35. Rc8 Qxc8 36. Nxc8 Rxc8 37. Nxb4 Rf4 38. Nd5 Rd4
39. Qf2 Rf8 40. Qc2 1-0

[Event "EuTCh"]
[Site "Leon ESP"]
[Date "2001.11.07"]
[Round "2"]
[White "Galego,L"]
[Black "Haznedaroglu,K"]
[Result "1/2-1/2"]
[WhiteElo "2503"]
[BlackElo "2328"]
[EventDate "2001.11.06"]

1. e4 e5 2. Nf3 Nc6 3. Nc3 Nf6 4. g3 d5 5. exd5 Nxd5 6. Bg2 Nxc3 7. bxc3
Bc5 8. O-O O-O 9. d3 Bg4 10. Qe1 Re8 11. Qe4 Qd7 12. Ng5 Bf5 13. Bh3 g6 14.
Qh4 h5 15. Bg2 Kg7 16. Rb1 Rab8 17. Rb5 b6 18. Qc4 Nd8 19. Be3 Bxe3 20.
fxe3 f6 21. Ne4 Rf8 22. Rbb1 Nb7 23. Qb4 Nd6 24. Nxd6 cxd6 25. a4 Rfc8 26.
a5 Qc7 27. a6 Qxc3 28. Qxd6 Qc5 29. Qxc5 Rxc5 30. Rfc1 Rbc8 31. Bb7 R8c7
32. e4 Bc8 33. Bxc8 Rxc8 34. c4 b5 35. Kf2 Kf7 36. Ke3 Ke6 37. Rb4 R8c6 38.
cxb5 Rxc1 39. bxc6 Rxc6 40. Ra4 Rd6 41. h4 Kd7 42. Ra1 Kc7 43. Ra2 Rc6 44.
Ra1 Rb6 1/2-1/2

[Event "EuTCh"]
[Site "Leon ESP"]
[Date "2001.11.07"]
[Round "2"]
[White "Atakisi,U"]
[Black "Fernandes,An"]
[Result "0-1"]
[WhiteElo "2278"]
[BlackElo "2457"]
[EventDate "2001.11.06"]

1. e4 c5 2. Nf3 Nc6 3. d4 cxd4 4. Nxd4 g6 5. Nc3 Bg7 6. Be3 Nf6 7. Bc4 O-O
8. Bb3 a5 9. O-O a4 10. Nxa4 Nxe4 11. Nb5 Ra6 12. c4 d6 13. Qe2 Nf6 14. h3
Be6 15. Rad1 b6 16. Nbc3 Nb8 17. Nd5 Nfd7 18. Bg5 Re8 19. Nb4 Ra5 20. f4
Nc5 21. Nc3 Qd7 22. Ncd5 Nba6 23. Nxa6 Rxa6 24. Rf3 Nxb3 25. Rxb3 Rxa2 26.
Rxb6 Bxd5 27. cxd5 Qa7 28. Qf2 Rc8 29. f5 Qa4 30. Rd2 Be5 31. g3 Qe4 32.
Kh2 f6 33. Bf4 Ra1 34. Qg2 Qxf5 35. Bxe5 Qxe5 36. Re2 Qd4 37. Rc6 Re8 38.
Rxd6 exd6 39. Rxe8+ Kf7 40. Re4 Qd3 41. Re2 Rd1 42. Rc2 g5 43. b4 f5 44.
Rb2 h5 45. Qe2 Qxe2+ 46. Rxe2 Rxd5 47. Kg2 Rb5 48. Rb2 Ke6 49. Kf3 d5 50.
h4 gxh4 51. gxh4 d4 52. Kf4 Kd5 53. Kxf5 d3 54. Rb1 d2 55. Kf4 Kd4 56. Kf3
Kd3 57. Ra1 Rxb4 0-1

[Event "EuTCh"]
[Site "Leon ESP"]
[Date "2001.11.07"]
[Round "2"]
[White "Damaso,R"]
[Black "Erdogan,H"]
[Result "1/2-1/2"]
[WhiteElo "2414"]
[BlackElo "2292"]
[EventDate "2001.11.06"]

1. d4 Nf6 2. c4 e6 3. Nc3 c5 4. d5 exd5 5. cxd5 d6 6. Nf3 g6 7. Bf4 Bg7 8.
Qa4+ Bd7 9. Qb3 b5 10. Bxd6 Qb6 11. Be5 c4 12. Qd1 O-O 13. Bd4 Qa5 14. a3
Na6 15. g3 Nc7 16. d6 Ne6 17. Bg2 Nxd4 18. Nxd4 Rad8 19. O-O Qb6 20. b3
cxb3 21. e3 b2 22. Rb1 Qxd6 23. Rxb2 Qxa3 24. Rb3 Qa6 25. Qa1 Qxa1 26. Rxa1
Ng4 27. h3 Bxd4 28. exd4 Nf6 29. Rxa7 Be6 30. Rb4 Rc8 31. Nxb5 Rc1+ 32. Kh2
Rc2 33. Kg1 Rc1+ 34. Kh2 Nd5 35. Rba4 Rc2 36. Ra2 Rfc8 37. Nd6 R8c6 38. Ne4
R6c4 39. Rxc2 Rxc2 40. Ra1 Kg7 41. Re1 Nb4 42. Kg1 h6 43. Rb1 Nd3 44. Bf1
Nc1 45. Nc5 Bd5 1/2-1/2

[Event "EuTCh"]
[Site "Leon ESP"]
[Date "2001.11.07"]
[Round "2"]
[White "Bayram,Y"]
[Black "Pinheiro,J"]
[Result "0-1"]
[WhiteElo "2212"]
[BlackElo "2339"]
[EventDate "2001.11.06"]

1. d4 Nf6 2. c4 e6 3. Nf3 b6 4. a3 Ba6 5. Qc2 Bb7 6. Nc3 c5 7. d5 exd5 8.
cxd5 Nxd5 9. Bd2 Nf6 10. e4 Be7 11. Bc4 d6 12. e5 dxe5 13. Nxe5 O-O 14.
O-O-O Nc6 15. Nxc6 Bxc6 16. Bf4 Qc8 17. f3 Qb7 18. Bd6 Bxd6 19. Rxd6 Qc7
20. Rhd1 Rfd8 21. Qd3 Rxd6 22. Qxd6 Qxd6 23. Rxd6 Bb7 24. Nd5 Bxd5 25. Bxd5
Rb8 26. Bc4 Kf8 27. a4 Rc8 28. g4 Ke7 29. Rd2 Rc7 30. h3 Ne8 31. Re2+ Kf8
32. Rd2 h6 33. h4 g6 34. Bb5 Nf6 35. Rd8+ Kg7 36. Kd2 h5 37. g5 Ng8 38. Bd3
Ne7 39. Be4 Nc6 40. Bxc6 Rxc6 41. Kd3 Re6 42. b3 Re1 43. Ra8 Rh1 44. Rxa7
Rxh4 45. a5 Rb4 46. Kc3 h4 47. a6 Rb5 48. Re7 Ra5 49. Re4 h3 50. Rh4 Rxa6
51. Kc4 Ra2 52. Rxh3 Rg2 53. f4 Rf2 54. Kb5 Rxf4 55. Kxb6 Rf5 56. Rg3 f6
57. gxf6+ Kxf6 58. Kb5 g5 59. Rg1 Rf3 60. Kc4 Kg6 61. Rb1 Rf5 62. Rg1 Kh5
63. Rh1+ Kg4 64. Rg1+ Kh3 65. Kd3 Re5 66. Rh1+ Kg2 67. Rh5 Kf3 68. Rh8 g4
69. Rf8+ Kg2 70. Rg8 g3 71. Rh8 Kg1 72. Rh7 g2 73. Rh8 Kf2 74. Rf8+ Kg3 75.
Rg8+ Kh3 76. Kd2 Rh5 77. Ke2 Kh2 0-1

[Event "EuTCh"]
[Site "Leon ESP"]
[Date "2001.11.08"]
[Round "3"]
[White "Bacrot,E"]
[Black "Kempinski,R"]
[Result "1-0"]
[WhiteElo "2653"]
[BlackElo "2586"]
[EventDate "2001.11.06"]

1. d4 Nf6 2. c4 g6 3. Nc3 Bg7 4. e4 O-O 5. Nf3 c6 6. Bd3 d6 7. O-O Na6 8.
Re1 Bg4 9. Be3 e5 10. d5 Nc5 11. Bc2 cxd5 12. cxd5 Nfxe4 13. Bxe4 f5 14.
Bxc5 fxe4 15. Nxe4 Bxf3 16. gxf3 dxc5 17. d6 b6 18. Qd5+ Kh8 19. d7 Qe7 20.
Rad1 Rad8 21. Re3 Bh6 22. Ra3 Bf4 23. Rxa7 Qh4 24. Ng3 h5 25. Qc6 Qg5 26.
Rd6 Kh7 27. Kf1 h4 28. Ne4 Qf5 29. Rf6 Rxf6 30. Qxf6 Qxf6 31. Nxf6+ Kg7 32.
Nd5 Kf7 33. h3 b5 34. Nc3 b4 35. Ne4 c4 36. Nd6+ Ke7 37. Nxc4 g5 38. Na5
1-0

[Event "EuTCh"]
[Site "Leon ESP"]
[Date "2001.11.08"]
[Round "3"]
[White "Socko,B"]
[Black "Lautier,J"]
[Result "0-1"]
[WhiteElo "2564"]
[BlackElo "2653"]
[EventDate "2001.11.06"]

1. e4 e5 2. Nf3 Nc6 3. Bb5 Nf6 4. O-O Nxe4 5. d4 Nd6 6. Bg5 f6 7. dxe5 Nxb5
8. exf6 gxf6 9. Re1+ Kf7 10. Qd5+ Kg7 11. Bf4 Nd6 12. Nh4 Rg8 13. Nc3 Kh8
14. Qh5 Nd4 15. Nd5 b6 16. Nxf6 Qxf6 17. Be5 Bg7 18. Bxf6 Bxf6 19. Re3 Bb7
20. Rg3 Rae8 21. Kh1 Ne4 22. Ng6+ Rxg6 23. Rxg6 Nxf2+ 24. Kg1 Ne2+ 25. Kf1
Nf4 26. Rxf6 Nxh5 27. Rxf2 Kg7 28. c4 Nf6 29. Rd1 Bc6 30. Re2 Ne4 31. Kg1
a5 32. Rf1 Re6 33. Rf4 h5 34. Re3 Kg6 35. h4 Nf6 36. Rxe6 dxe6 37. Rd4 Bd7
38. c5 b5 39. Rd3 e5 40. c6 Be6 41. Rg3+ Ng4 42. Rc3 Bxa2 43. Ra3 Bc4 44.
b3 Be2 45. Rxa5 Nf6 46. Ra8 Kf7 47. Rc8 Nd5 48. Kf2 Bg4 49. Rh8 Ke7 50. Rh6
b4 51. Ke1 e4 52. g3 Ne3 53. Rh8 Kd6 54. Kd2 Nd5 55. Rh6+ Kc5 56. Rg6 Kd4
57. Ke1 Kc3 58. Rg5 Ne3 59. Kf2 Nf5 60. Ke1 e3 61. Rg8 Nd4 0-1

[Event "EuTCh"]
[Site "Leon ESP"]
[Date "2001.11.08"]
[Round "3"]
[White "Bauer,Ch"]
[Black "Markowski,T"]
[Result "1-0"]
[WhiteElo "2585"]
[BlackElo "2550"]
[EventDate "2001.11.06"]

1. e4 e5 2. Nf3 Nc6 3. Bb5 Nf6 4. d3 d6 5. c3 a6 6. Ba4 g6 7. O-O Bg7 8.
Nbd2 O-O 9. Re1 b5 10. Bc2 Nb8 11. d4 Nbd7 12. a4 Bb7 13. Bd3 c6 14. Nf1
Qc7 15. Ng3 Rfe8 16. Bd2 Rad8 17. Qc2 Rc8 18. axb5 cxb5 19. d5 Nc5 20. Bf1
Qb6 21. b4 Ncd7 22. h3 Qc7 23. Rac1 Nb6 24. Be3 Nbxd5 25. exd5 Nxd5 26. Qd2
Nxe3 27. fxe3 d5 28. e4 f5 29. exd5 Qd6 30. Qf2 e4 31. Ng5 Bxd5 32. Nxf5
gxf5 33. Qxf5 Qe5 34. Qxh7+ Kf8 35. Qh5 Kg8 36. Bxb5 axb5 37. Rf1 Bh6 38.
Qxh6 Qg7 39. Qh5 Re5 40. h4 e3 41. Rf4 e2 42. Re1 Bc4 43. Qg4 Rd8 44. Rxc4
bxc4 45. Qxc4+ Red5 46. Rxe2 Kh8 47. Re6 Qa7+ 48. Kh2 Qb8+ 49. g3 Qb7 50.
Kh3 Rc8 51. Qg4 1-0

[Event "EuTCh"]
[Site "Leon ESP"]
[Date "2001.11.08"]
[Round "3"]
[White "Grabarczyk,M"]
[Black "Fressinet,L"]
[Result "1/2-1/2"]
[WhiteElo "2489"]
[BlackElo "2588"]
[EventDate "2001.11.06"]

1. d4 Nf6 2. c4 e6 3. Nf3 d5 4. Nc3 c6 5. cxd5 exd5 6. Qc2 Be7 7. Bg5 g6 8.
e3 Bf5 9. Bd3 Bxd3 10. Qxd3 Nbd7 11. O-O O-O 12. Rab1 a5 13. Qc2 Re8
1/2-1/2

[Event "EuTCh"]
[Site "Leon ESP"]
[Date "2001.11.08"]
[Round "3"]
[White "Conquest,S"]
[Black "Ekstroem,R"]
[Result "1-0"]
[WhiteElo "2601"]
[BlackElo "2495"]
[EventDate "2001.11.06"]

1. e4 d5 2. exd5 Nf6 3. Nf3 Nxd5 4. d4 Bg4 5. h3 Bh5 6. c4 Nb6 7. Nc3 e6 8.
g4 Bg6 9. Ne5 N8d7 10. Nxg6 hxg6 11. Qe2 Bb4 12. Bg2 c5 13. a3 Bxc3+ 14.
bxc3 O-O 15. O-O Qc7 16. Rb1 Rfe8 17. a4 a5 18. Rd1 Rab8 19. Qa2 e5 20. Bg5
Rbc8 21. Qb3 Re6 22. d5 Rd6 23. Be7 Re8 24. Bxd6 Qxd6 25. Qc2 Nf6 26. Re1
Re7 27. f4 Nfd7 28. Qd3 Nxa4 29. Rxb7 exf4 30. Rxe7 Qxe7 31. d6 Qe1+ 32.
Qf1 Qe3+ 33. Qf2 Qc1+ 34. Kh2 Nab6 35. Bc6 f3 36. Bxd7 Qf4+ 37. Kh1 Qxd6
38. Be8 Qd1+ 39. Qg1 Qe2 40. Bxf7+ Kh7 41. Rxb6 1-0

[Event "EuTCh"]
[Site "Leon ESP"]
[Date "2001.11.08"]
[Round "3"]
[White "Piket,Je"]
[Black "Ilincic,Z"]
[Result "1-0"]
[WhiteElo "2649"]
[BlackElo "2521"]
[EventDate "2001.11.06"]

1. d4 Nf6 2. c4 g6 3. Nc3 Bg7 4. e4 d6 5. Nf3 O-O 6. Be2 e5 7. O-O Nh5 8.
g3 Bh3 9. Re1 exd4 10. Nxd4 Nf6 11. Bg5 h6 12. Be3 Nbd7 13. Qd2 Kh7 14. f3
Ne5 15. Nd1 Bd7 16. Nf2 a6 17. Rad1 b6 18. b3 Qc8 19. Nc2 Be6 20. Kg2 b5
21. cxb5 axb5 22. Nd4 b4 23. Nxe6 Qxe6 24. h3 Ra3 25. f4 Ned7 26. Bf3 Rb8
27. Qc2 c5 28. e5 dxe5 29. fxe5 Ne8 30. Bf4 Nxe5 31. Rd5 f6 32. Rxc5 Qa6
33. Bxe5 fxe5 34. Rc6 Qa7 35. Qxg6+ Kg8 36. Rxe5 Rxa2 37. Rxe8+ Rxe8 38.
Qxe8+ Bf8 39. Bd5+ Kh7 40. Qg6+ 1-0

[Event "EuTCh"]
[Site "Leon ESP"]
[Date "2001.11.08"]
[Round "3"]
[White "Van den Doel,E"]
[Black "Kovacevic,A"]
[Result "1-0"]
[WhiteElo "2583"]
[BlackElo "2553"]
[EventDate "2001.11.06"]

1. e4 e5 2. Nf3 d6 3. d4 exd4 4. Nxd4 Nf6 5. Nc3 Be7 6. Bf4 O-O 7. Qd2 d5
8. exd5 Nxd5 9. Nxd5 Qxd5 10. Nb5 Qe4+ 11. Be2 Na6 12. O-O c6 13. Nd6 Bxd6
14. Qxd6 Qxc2 15. Bd3 Qc5 16. Bxa6 Qxd6 17. Bxd6 Rd8 18. Bc7 Rd7 19. Rfe1
g6 20. Re8+ Kg7 21. Bf1 Rxc7 22. Rd1 Bg4 23. Rxa8 Bxd1 24. Rxa7 Bg4 25. a4
Rd7 26. f3 Be6 27. b4 Kf6 28. Kf2 Ke5 29. Ke3 Kd6 30. Ra8 Kc7 31. Bd3 Re7
32. Kd2 Bc8 33. Ra5 Kd6 34. f4 f6 35. h4 Rg7 36. Be2 h6 37. Ra8 Kc7 38. a5
g5 39. fxg5 fxg5 40. a6 Rd7+ 41. Kc3 bxa6 42. hxg5 hxg5 43. Bxa6 Bxa6 44.
Rxa6 Rd1 45. Ra5 Rc1+ 46. Kb3 Rb1+ 47. Ka3 g4 48. Rg5 Kb6 49. Rxg4 c5 50.
Rc4 Ra1+ 51. Kb2 Kb5 52. Rc2 Ra6 53. bxc5 Rc6 54. Kb3 1-0

[Event "EuTCh"]
[Site "Leon ESP"]
[Date "2001.11.08"]
[Round "3"]
[White "Dydyshko,V"]
[Black "Romanishin,O"]
[Result "1/2-1/2"]
[WhiteElo "2516"]
[BlackElo "2575"]
[EventDate "2001.11.06"]

1. d4 Nf6 2. c4 e6 3. Nc3 Bb4 4. e3 b6 5. Nge2 c5 6. a3 Ba5 7. Rb1 Na6 8.
f3 O-O 9. d5 d6 10. Ng3 Rb8 11. Kf2 Bxc3 12. bxc3 Nc7 13. e4 b5 14. Be3
exd5 15. cxd5 Nd7 16. Be2 Nb6 17. Bxb5 f5 18. exf5 Bxf5 19. Bd3 Qh4 20.
Bxf5 Rxf5 21. Qc2 1/2-1/2

[Event "EuTCh"]
[Site "Leon ESP"]
[Date "2001.11.08"]
[Round "3"]
[White "Shirov,A"]
[Black "Sturua,Z"]
[Result "1/2-1/2"]
[WhiteElo "2706"]
[BlackElo "2571"]
[EventDate "2001.11.06"]

1. e4 c6 2. d4 d5 3. e5 Bf5 4. Nc3 e6 5. g4 Bg6 6. Nge2 Ne7 7. Nf4 h6 8.
Be3 Bh7 9. Bd3 Bxd3 10. Qxd3 Nd7 11. O-O-O b5 12. Nce2 Qa5 13. Kb1 c5 14.
dxc5 Nxe5 15. Qb3 O-O-O 16. Nd4 a6 17. Nd3 Nc4 18. Nb4 Kb7 19. Qc3 Rc8 20.
b3 Nxe3 21. fxe3 Nc6 22. a3 Nd8 23. c6+ Ka8 24. Nxd5 Qxc3 25. Nxc3 Bxa3 26.
c7 Nc6 27. Nxc6 Rxc7 28. Nxb5 axb5 29. Nd4 Rb7 30. c3 Rc8 31. Rd3 Be7 32.
Kc2 Bf6 33. Ra1+ Kb8 34. Ra5 Bxd4 35. Rxd4 Rc5 36. b4 Re5 37. Kd3 Kc7 38.
Ra8 h5 39. h4 hxg4 40. Rxg4 g6 41. Rg5 Rf5 42. Rxf5 exf5 43. Ra6 Kd8 44. h5
gxh5 45. Rf6 Rd7+ 46. Kc2 Rd5 47. Rxf7 Ke8 48. Rh7 f4 49. exf4 Kf8 50. Rc7
Ke8 51. Kb3 Rf5 52. Kb2 h4 53. Rh7 Rxf4 54. Rh5 Rf6 55. Kb3 Kd7 56. Rxb5
Rh6 57. Rd5+ Kc6 58. Rd2 h3 59. Rh2 Rh4 1/2-1/2

[Event "EuTCh"]
[Site "Leon ESP"]
[Date "2001.11.08"]
[Round "3"]
[White "Illescas Cordoba,M"]
[Black "Supatashvili,K"]
[Result "1-0"]
[WhiteElo "2577"]
[BlackElo "2515"]
[EventDate "2001.11.06"]

1. d4 Nf6 2. c4 e6 3. Nf3 b6 4. g3 Ba6 5. b3 Bb4+ 6. Bd2 Be7 7. Bg2 Bb7 8.
O-O O-O 9. Nc3 d5 10. cxd5 exd5 11. Qc2 Na6 12. Rad1 Re8 13. Bc1 c6 14. a3
Nc7 15. b4 Bd6 16. Bg5 h6 17. Bxf6 Qxf6 18. e4 Qd8 19. e5 Be7 20. Rb1 Ne6
21. Rfd1 a5 22. Qb3 axb4 23. axb4 b5 24. Ne1 Qb6 25. Nc2 f6 26. Ne2 fxe5
27. dxe5 Bd8 28. Ne1 Nf8 29. Nd3 Nd7 30. Nef4 Nxe5 31. Nc5 Kh8 32. Re1 Bf6
33. Qc2 Nf7 34. Qg6 Rxe1+ 35. Rxe1 Qc7 36. Bf1 Ne5 37. Rxe5 Qxe5 38. Bd3
Kg8 39. Nxb7 Qe1+ 40. Kg2 Bd4 41. Qh7+ Kf7 42. Nd6+ 1-0

[Event "EuTCh"]
[Site "Leon ESP"]
[Date "2001.11.08"]
[Round "3"]
[White "Mchedlishvili,M"]
[Black "Narciso Dublan,M"]
[Result "1/2-1/2"]
[WhiteElo "2518"]
[BlackElo "2517"]
[EventDate "2001.11.06"]

1. d4 e6 2. c4 d5 3. Nf3 Nf6 4. e3 Be7 5. cxd5 exd5 6. Bd3 O-O 7. O-O c5 8.
dxc5 Bxc5 9. a3 Bd6 10. b4 a5 11. bxa5 Nc6 12. Bb2 Rxa5 13. Nbd2 Qe7 14.
Qb1 h6 15. a4 Ra8 16. Re1 Bb4 17. Re2 Rd8 18. h3 Be6 19. Nd4 Bc5 20. N2f3
Bd7 21. Nxc6 Bxc6 22. a5 Ne4 23. Ne5 Be8 24. Nf3 Bb4 25. a6 Nc3 26. Bxc3
Bxc3 27. Raa2 b5 28. Nd4 b4 29. Qb3 Qc5 30. Rec2 Qa7 31. Ne2 d4 32. exd4
Bxd4 33. Nxd4 Rxd4 34. Rc4 Rxd3 35. Qxd3 Bb5 36. Qc2 Bxc4 37. Qxc4 Qb6 38.
Ra1 b3 39. Rb1 Qxa6 1/2-1/2

[Event "EuTCh"]
[Site "Leon ESP"]
[Date "2001.11.08"]
[Round "3"]
[White "Kozul,Z"]
[Black "Andersson,U"]
[Result "1/2-1/2"]
[WhiteElo "2569"]
[BlackElo "2601"]
[EventDate "2001.11.06"]

1. d4 Nf6 2. c4 e6 3. Nf3 Bb4+ 4. Nbd2 b6 5. a3 Bxd2+ 6. Bxd2 Bb7 7. Bg5 d6
8. e3 Nbd7 9. Bd3 c5 10. O-O O-O 11. Rc1 Qc7 12. Nd2 h6 13. Bh4 Qc6 14. f3
d5 15. cxd5 Qxd5 16. Ne4 cxd4 17. Nxf6+ Nxf6 18. Bxf6 gxf6 19. Be4 Qd7 20.
Bxb7 Qxb7 21. Qxd4 Kg7 22. Qg4+ Kh7 23. Qf4 f5 24. e4 Qe7 25. exf5 Qf6 26.
Rfe1 Rac8 27. Rxc8 Rxc8 28. Qe5 Qxf5 29. Qxf5+ exf5 30. Re7 Kg7 31. b4 a5
32. bxa5 bxa5 33. Ra7 Rc5 34. h3 f4 35. Ra6 f6 36. Kh2 Kg6 37. h4 h5 38.
Kg1 Re5 39. a4 Kf5 40. Rc6 Re6 41. Rc5+ Re5 42. Rc4 Re6 43. Kf2 1/2-1/2

[Event "EuTCh"]
[Site "Leon ESP"]
[Date "2001.11.08"]
[Round "3"]
[White "Agrest,E"]
[Black "Zelcic,R"]
[Result "1/2-1/2"]
[WhiteElo "2563"]
[BlackElo "2547"]
[EventDate "2001.11.06"]

1. c4 e5 2. Nc3 Nf6 3. Nf3 Nc6 4. g3 d5 5. cxd5 Nxd5 6. Bg2 Nb6 7. O-O Be7
8. Rb1 Bf5 9. d3 O-O 10. a3 a5 11. b3 Re8 12. Bb2 Qd7 13. Ne4 Rad8 14. Qc1
Qe6 15. Nc5 Bxc5 16. Qxc5 h6 17. Rfe1 Bh3 18. Bh1 Rd7 19. Ba1 f5 20. b4
axb4 21. axb4 e4 22. b5 Nd8 23. Ne5 Rde7 24. f4 exf3 25. Bxf3 Qa2 26. d4
Ne6 27. Qb4 Kh7 28. Qb3 Qd2 29. Rbd1 Qg5 30. Bxb7 h5 31. Bb2 Nxd4 32. Bxd4
Rxe5 33. Bxe5 Rxe5 34. Qf3 Bg4 35. Qf4 Qe7 36. Bf3 Qc5+ 37. Kg2 Qxb5 38. h3
Bxf3+ 39. Qxf3 Qe8 40. Rd4 Nd7 41. Rd5 Nf6 42. Rxe5 Qxe5 43. Rc1 c5 44. Kf1
Kg6 45. Qf4 Qxf4+ 46. gxf4 Nd5 47. e3 Nxe3+ 48. Kf2 Nd5 49. Kf3 Nc7 50.
Rxc5 Ne6 51. Ra5 Kf6 52. Ke3 Ke7 53. Ra8 Kf7 54. Rh8 g6 55. Ra8 h4 56. Rb8
Kf6 57. Rb7 g5 58. fxg5+ Nxg5 59. Rb6+ Ke5 60. Rb5+ Kf6 1/2-1/2